| 000 | 00317nam a2200097Ia 4500 | ||
|---|---|---|---|
| 005 | 20250424112912.0 | ||
| 008 | 250424s9999 xx 000 0 und d | ||
| 300 | _av, 138 p. : ill. ; 25 cm. | ||
| 650 | _aChartered Institute of Taxation of Nigeria. Taxation--Nigeria. Taxation--Law and legislation--Nigeria. | ||
| 942 | _cSR | ||
| 999 |
_c37787 _d37787 |
||